000 00838nam2a22002651 4500
001 RU\NLR\INFOCOMM55\5000157862
005 20250617120208.0
035 _a(NLR Aleph) 002587829
090 _a3333926
_c3333926
100 _a20041020d1976 |||y0rusy50 ca
101 0 _arus
_aeng
102 _aRU
105 _ay ||||000|y
200 1 _aDynamics of heavy spherically-symmetric pulsons
_fI.L. Bogoljubskij, V.G. Machan'kov
210 _d1976
_aБ. м.
461 0 _1001RU\NLR\INFOCOMM15\1000176112
_12001#$aИздания$fОбъедин. ин-т ядерных исследований$vE2-10223
700 1 _aBogoljubskij
_bI.L.
_4070
701 1 _aMachan'kov
_bV.G.
_4070
801 1 _aRU
_bInfoComm
_c20050111
801 0 _aRU
_bNLR
_gPSBO
852 _aNLR
_jП11/2061
942 _cISSUE
980 _aNB
980 _aRUSPER